[Event "CAPA 2/I/17 email"]
[Site "Argentina"]
[Date "2001.??.??"]
[Round "2"]
[White "Sanchez, Juan Jose"]
[Black "Santillan, Gustavo"]
[Result "1/2-1/2"]
[WhiteElo "2000"]
[BlackElo "2000"]
[PlyCount "49"]
[EventDate "2001.??.??"]
[EventType "match (corr)"]
[EventRounds "10"]
[EventCountry "ARG"]
[SourceTitle "Corr 2002"]
[Source "ChessBase"]
[SourceDate "2002.05.23"]
[SourceVersion "1"]
[SourceVersionDate "2002.05.23"]
[SourceQuality "1"]

1. e4 e5 2. Nf3 Nc6 3. d4 exd4 4. Nxd4 Nf6 5. Nxc6 bxc6 6. e5 Qe7 7. Qe2 Nd5 8. c4 Ba6 9. g3 g6 10. b3 Bg7 11. Bb2 0-0-0 12. Bg2 Rhe8 13. 0-0 Bxe5 14. Qxe5 Qxe5 15. Bxe5 Rxe5 16. cxd5 Bxf1 17. Kxf1 cxd5 18. Nc3 c6 19. Rc1 Kb8 20. Na4 Re7 21. f4 Rde8 22. Rc2 Kb7 23. Kf2 d6 24. b4 a6 25. Nb2 1/2-1/2

[Event "CAPA 4/I/10 email"]
[Site "Argentina"]
[Date "2001.??.??"]
[Round "4"]
[White "Sofia, Gerardo"]
[Black "Santillan, Gustavo"]
[Result "0-1"]
[WhiteElo "2000"]
[BlackElo "2000"]
[PlyCount "46"]
[EventDate "2001.??.??"]
[EventType "tourn (corr)"]
[EventRounds "6"]
[EventCountry "ARG"]
[SourceTitle "Corr 2002"]
[Source "ChessBase"]
[SourceDate "2002.05.23"]
[SourceVersion "1"]
[SourceVersionDate "2002.05.23"]
[SourceQuality "1"]

1. e4 c5 2. Nf3 d6 3. d4 cxd4 4. Nxd4 Nf6 5. Nc3 g6 6. Bg5 Bg7 7. Qd2 Nc6 8. Bc4 Nxe4 9. Nxe4 Nxd4 10. c3 Nc6 11. Bh6 0-0 12. Bxg7 Kxg7 13. h4 h5 14. Ng5 Qb6 15. 0-0-0 Ne5 16. Bb3 Bf5 17. Qe2 Rac8 18. f4 Nc6 19. Rd5 Nd4 20. Qxe7 Nxb3+ 21. axb3 Rce8 22. Qxd6 Qe3+ 23. Kd1 Qe2+ 0-1